UBT Library

Financial reporting and analysis / (Record no. 1216)

000 -LEADER
fixed length control field 00630nam a22002177a 4500
008 - FIXED-LENGTH DATA ELEMENTS--GENERAL INFORMATION
fixed length control field 151002b xxu||||| |||| 00| 0 eng d
020 ## - INTERNATIONAL STANDARD BOOK NUMBER
International Standard Book Number 0131430211
041 0# - LANGUAGE CODE
Language code of text/sound track or separate title eng
080 ## - UNIVERSAL DECIMAL CLASSIFICATION NUMBER
Universal Decimal Classification number 336
100 1# - Rafti
Rafti Revsine, Lawrence.
245 10 - TITLE STATEMENT
Title Financial reporting and analysis /
Statement of responsibility, etc Lawrence Revsine, Daniel W. Collins, W. Bruce Johnson.
250 ## -
-- 3rd ed.
260 ## -
-- Upper Saddle River, NJ :
-- Pearson/Prentice Hall,
-- 2005.
300 ## -
-- xvii, 1070 f. :
-- me il.;
-- 29 cm.
650 #0 -
-- Raportet
650 #0 -
-- Financiare
650 #0 -
-- Analiza
700 1# -
-- Collins, Daniel W.
700 1# -
-- Johnson, W. Bruce.
942 ## - ADDED ENTRY ELEMENTS (KOHA)
Source of classification or shelving scheme
Item type Books
Holdings
Withdrawn status Lost status Source of classification or shelving scheme Damaged status Not for loan Collection code Permanent location Current location Shelving location Date acquired Total Checkouts Full call number Barcode Date last seen Koha item type Price effective from
          Koleksioni i përgjithshem UBT - Lipjan UBT - Lipjan Koleksioni i përgjithshem 10/02/2015   336 REV 002-008483 10/02/2015 Books  
          Koleksioni i përgjithshem UBT - Lipjan UBT - Lipjan Koleksioni i përgjithshem 12/04/2015   336 REV 002-008673 12/04/2015 Books 12/04/2015
UBT Library © 2015-2024. All rights reserved University Education for Business and Technology